Statistiques concernant Buteurs écossais en Coupe du Monde

Cliquez ici pour prendre le quiz!

Statistiques générales

  • Ce quiz a été pris 14 fois
  • Le résultat moyen est 3 sur 18

Statistiques - réponses

Nombre de butsClubNom du joueur% Correct
2Liverpool FCKenny Dalglish
62%
1Nottingham ForestJohn Robertson
46%
1Celtic GlasgowBobby Collins
23%
1AS MonacoJohn Collins
23%
1Glasgow RangersMo Johnston
23%
1Tottenham HotspurSteve Archibald
23%
2Nottingham ForestArchie Gemmill
15%
1Dundee UnitedDavid Narey
15%
1Manchester UnitedGordon Strachan
15%
1Liverpool FCGreame Souness
15%
4Leeds United, Milan ACJoe Jordan
15%
2Ipswich TownJohn Wark
15%
1Celtic GlasgowCraig Burley
8%
1Blackpool FCJackie Mudie
8%
1Heart of MidolthianJimmy Murray
8%
1Leeds UnitedPeter Lorimer
8%
1Glasgow RangersSammy Baird
8%
1EvertonStuart McCall
8%

Distribution des résultats

Percentile par nombre de réponses

% des personnes avec chaque résultat

Votre développement - résultats

Vous n’avez pas pris ce quiz